Teória a prax v účtovníctve a v audítorstve v kontexte svetového vývoja zborník príspevkov zo šiesteho vedeckého seminára k výsledkom vedeckovýskumnej činnosti Katedry účtovníctva a audítorstva

Guardado en:
Detalles Bibliográficos
Autores Corporativos: Teória a prax v účtovníctve a v audítorstve v kontexte svetového vývoja. Vedecký seminár, Fakulta hospodárskej informatiky EU. Katedra účtovníctva a audítorstva
Otros Autores: Kareš, Ladislav, Vincúr, Pavol, Mázik, Ján
Formato: Libro
Lenguaje:eslovaco
Publicado: Bratislava Vydavateľstvo EKONÓM 2010
Materias:
Etiquetas: Agregar Etiqueta
Sin Etiquetas, Sea el primero en etiquetar este registro!

MARC

LEADER 00000nam$a2200000$$$4500
001 0113313
005 20240502072247.4
020 |a 978-80-225-2960-0 
041 0 |a slo 
044 |a SK 
245 1 0 |a Teória a prax v účtovníctve a v audítorstve v kontexte svetového vývoja  |b zborník príspevkov zo šiesteho vedeckého seminára k výsledkom vedeckovýskumnej činnosti Katedry účtovníctva a audítorstva  |c redakcia zborníka Ladislav Kareš 
264 1 |a Bratislava  |b Vydavateľstvo EKONÓM  |c 2010 
300 |a 95 s. 
610 2 0 |a účtovníctvo 
610 2 0 |a audítorstvo 
610 2 0 |a štandardy účtovné medzinárodné 
610 2 0 |a dane 
610 2 0 |a Slovensko 
610 2 0 |a Európska únia 
700 1 |a Kareš, Ladislav 
700 1 |a Vincúr, Pavol 
700 1 |a Mázik, Ján 
110 2 |a Teória a prax v účtovníctve a v audítorstve v kontexte svetového vývoja. Vedecký seminár 
710 2 |a Fakulta hospodárskej informatiky EU. Katedra účtovníctva a audítorstva